| 000 | 01253nam a2200313 c 4500 | ||
|---|---|---|---|
| 999 |
_c142160 _d142160 |
||
| 003 | BLK | ||
| 005 | 20210202111205.0 | ||
| 008 | 180409b bul|||||r ||||||| ||bul|| | ||
| 010 | _aKNG00148246000 | ||
| 040 | _aBLK | ||
| 041 |
_aBUL _cBUL |
||
| 080 |
_aБългарска литература _b821.163.2 _x-93-32 _z821.163.2-93-32 |
||
| 100 | 1 |
_aПопов, Йордан Софрониев _eпърви автор _9365981 |
|
| 139 |
_aПопов, Йордан Софрониев _bП 76 |
||
| 245 | 1 | 0 |
_aКени и Зелма _bХуморист. повест за деца _cЙордан Софрониев Попов; худож. Игор Будников. |
| 257 | _aBGR | ||
| 260 |
_bОтечество _c1988 _aСофия _fДП Балкан |
||
| 300 |
_a64 с. _bс цв. ил. _c33 см |
||
| 380 | _aDX | ||
| 500 | _aОфс. изд. - 30 117 тир. | ||
| 653 | _aдетска литература | ||
| 653 | _aлитература за деца | ||
| 700 | 1 |
_aБудников, Игор _eхудож. _943679 |
|
| 852 | _aЦб ІІ 18506 | ||
| 856 | 4 | _qpdf | |
| 856 | 4 | _qpdf | |
| 942 |
_cKNG _n0 _01 _s1 |
||
| 944 |
_aCR _c02.08.2013 _l02.08.2013 - от С1,Р / 02.08.2013 _kИвелин_Иванов |
||
| 944 |
_aED _c27.09.2017 _l02.08.2013 - от С1,Р / 02.08.2013 _kКети_Илиева |
||
| 999 | _d142160 | ||